000 01852nam a2200529 i 4500
001 15245
003 KOSZ 005
005 20200624082914.0
008 200406s1972 pl ab f f 000 0 pol
015 _aUWD 1973/460
035 _a991032544889705066
035 _a(PL-WaBN)b18731545-48omnis_nlop
035 _ab18731545
035 _a(OCoLC)69515654
035 _a(PL)b0000001873154
035 _a(EXLNZ-48OMNIS_NETWORK)9910483546205606
040 _aWA N
_cWA N
_dKOSZ 005/RW
041 1 _apol
_hger
046 _k1968
080 _a696
080 _a(083.1)
100 1 _aCordes, Heinz
_eAutor
245 1 0 _aInstalacje na gaz płynny :
_bporadnik /
_cHeinz Cordes ; tłumaczenie Leon Kołodziejczyk ; uzupełnienie do wydania polskiego przygotował Andrzej Suliński.
246 1 _iTytuł oryginału:
_aPropan-Ratgeber
260 _aWarszawa :
_b"Arkady",
_c1972.
300 _a331 stron :
_bilustracje, mapy ;
_c22 cm.
336 _aTekst
_btxt
_2rdacontent
337 _aBez urządzenia pośredniczącego
_bn
_2rdamedia
338 _aWolumin
_bnc
_2rdacarrier
380 _aKsiążki
380 _aPublikacje fachowe
388 _a1901-2000
388 _a1945-1989
500 _aMiędzynarodowy Rok Książki 1972.
521 8 _aKsiążka jest przeznaczona dla szerokiego kręgu odbiorców.
650 7 _aInstalacje gazowe
_2DBN
650 7 _aPaliwa gazowe
655 7 _aPoradnik
_2DBN
658 _aArchitektura i budownictwo
658 _aInżynieria i technika
700 1 _aSuliński, Andrzej
_eOpracowanie
700 1 _aKołodziejczyk, Leon
_eTłumaczenie
710 2 _aWydawnictwo Arkady
_4pbl
856 _uhttp://koha.tu.koszalin.pl/cgi-bin/koha/opac-detail.pl?biblionumber=15245
_yKatalog online BPK
942 _2UKD
_cKS
999 _c15245
_d15245